Za Petrom Murdzom

Bibliographic Details
Main Author: Mikloško, František, 1947- (Author)
Format: Article
Language:Slovak
ISSN:1337-6535
Subjects:

MARC

LEADER 00000nab a2200000 a 4500
001 vtls010094328
003 SK-MaSNL
005 20260304155556.0
008 250507c2010 xo mr|p|||||||000 b|slo
015 |a SNBRB2010/05  |2 snkbucl 
035 |a (sysno)vtls010094328 
035 |a urn:nbn:sk:snk-ab753i 
035 |a (uuid)c76255b8-8c97-4d9e-b0ec-d825172e1b1f 
035 |a (urnnbn)urn:nbn:sk:snk:ar-a06vj8 
038 |a SNKBUCL 
040 |a SNKBUCL  |b slo  |c SNKBUCL  |e AACR2 
041 0 |a slo 
044 |a xo  |c SK 
080 |a 2-051  |2 2001 
080 |a 929 Murdza, Peter  |2 2001 
100 1 |a Mikloško, František,  |d 1947-  |4 aut 
245 1 0 |a Za Petrom Murdzom  |c František Mikloško 
504 |a Bibliogr. odkazy 
600 1 7 |a Murdza, Peter,  |d 1954-2009  |2 snkbucl  |9 212414 
773 0 |t Nové horizonty  |g Roč. IV, č. 1 (2010), s. 42  |x 1337-6535 
850 |a Slovenská národná knižnica 
852 |a Slovenská národná knižnica 
954 |a odborná, vedecká literatúra pôvodná (slovenská)  |2 lita 
958 |a article2022 
958 |a SK 
958 |a NT 
958 |a NB 
958 |a BX 
958 |a OND 
958 |a EUIPO 
999 |c 2963186  |d 2965116